|
|
|
|
| LEADER |
01437nam a2200385 a 4500 |
| 001 |
EBC165665 |
| 003 |
MiAaPQ |
| 005 |
20200520144314.0 |
| 006 |
m o d | |
| 007 |
cr cn||||||||| |
| 008 |
950911s1996 enka sb 001 0 eng |
| 010 |
|
|
|z 95038972
|
| 020 |
|
|
|z 0415121728 (hbk.)
|
| 020 |
|
|
|z 0415121736 (pbk.)
|
| 035 |
|
|
|a (MiAaPQ)EBC165665
|
| 035 |
|
|
|a (Au-PeEL)EBL165665
|
| 035 |
|
|
|a (CaPaEBR)ebr5001563
|
| 035 |
|
|
|a (CaONFJC)MIL40804
|
| 035 |
|
|
|a (OCoLC)437073899
|
| 040 |
|
|
|a MiAaPQ
|c MiAaPQ
|d MiAaPQ
|
| 050 |
|
4 |
|a HF5381
|b .A578 1996
|
| 082 |
0 |
4 |
|a 158.6
|2 20
|
| 100 |
1 |
|
|a Ali, Lynda,
|d 1946-
|
| 245 |
1 |
4 |
|a The counselling approach to careers guidance
|h [electronic resource] /
|c Lynda Ali and Barbara Graham ; edited by Susan Lendrum.
|
| 260 |
|
|
|a London ;
|a New York :
|b Routledge,
|c 1996.
|
| 300 |
|
|
|a 198 p. :
|b ill.
|
| 504 |
|
|
|a Includes bibliographical references (p. [190]) and index.
|
| 533 |
|
|
|a Electronic reproduction. Ann Arbor, MI : ProQuest, 2015. Available via World Wide Web. Access may be limited to ProQuest affiliated libraries.
|
| 650 |
|
0 |
|a Vocational guidance
|x Study and teaching.
|
| 650 |
|
0 |
|a Counseling
|x Study and teaching.
|
| 655 |
|
4 |
|a Electronic books.
|
| 700 |
1 |
|
|a Graham, Barbara,
|d 1947 Aug. 3-
|
| 700 |
1 |
|
|a Lendrum, Susan,
|d 1942-
|
| 710 |
2 |
|
|a ProQuest (Firm)
|
| 856 |
4 |
0 |
|u https://ebookcentral.proquest.com/lib/matrademy/detail.action?docID=165665
|z Click to View
|